Statystyki dla Najludniejsze państwa jako procent kontynentu

Kliknij tutaj aby rozwiązać quiz!

Ogólne statystyki

  • Ten quiz został rozwiązany 18 281 razy
  • Średni wynik to 14 z 20

Statystyki odpowiedzi

%Kraj% Poprawnych
31,0Chiny
98%
55,5Stany Zjednoczone
97%
14,9Rosja
96%
29,9Indie
92%
49,2Brazylia
91%
8,8Francja
89%
11,1Niemcy
89%
60,0Australia
87%
22,3Meksyk
80%
10,4Argentyna
79%
9,0Wielka Brytania
72%
8,0Włochy
67%
7,7Egipt
64%
15,2Nigeria
61%
11,5Nowa Zelandia
56%
11,5Kolumbia
53%
7,6Peru
47%
7,6Wenezuela
42%
8,3Etiopia
35%
20,5Papua-Nowa Gwinea
25%

Rozkład punktacji

Percentyl według liczby udzielonych odpowiedzi

Procent ludzi z każdym wynikiem

Twoja historia wyników

Nie rozwiązałeś tego quizu